Mixed Word: Animals Quiz Stats

 Plays Quiz Updated Oct 14, 2016

Challenge
Share
Tweet
Embed
Score 0/14 Timer 04:00
1 Play Today
Scramble Animal % Correct
REDEDeer
99.8%
WREHSShrew
91.5%
RATORPParrot
86.1%
LWSAURWalrus
64.4%
DOGHHEEGHedgehog
64.1%
AILROGLGorilla
61.2%
UIAANGIguana
59.3%
Scramble Animal % Correct
OSIPOREPPorpoise
55.4%
TENATERAAnteater
54.4%
DREMAANSLASalamander
50.9%
HENPARTPanther
36.3%
NAMEAETManatee
33.2%
DROLMALIAArmadillo
26%
OCALMENHEChameleon
22.8%

You're not logged in!

Compare scores with friends on all Sporcle quizzes.
Join for Free
OR
Log In

You Might Also Like...

Show Comments

Extras

Top Quizzes Today


Score Distribution

Your Account Isn't Verified!

In order to create a playlist on Sporcle, you need to verify the email address you used during registration. Go to your Sporcle Settings to finish the process.

Report this User

Report this user for behavior that violates our Community Guidelines.

Details: